00230nam a22000857a 4500082001500000245010100015260001000116300000900126650000900135 a666.93 LIM alime in industrial development:a UNIDO guide to its uses and manufacture in developing countries bUNIDO a74 p aLime